[Event "Barcelona La Lira op 33rd"]
[Site "Barcelona"]
[Date "2015.01.23"]
[Round "2"]
[White "Martin Palau, Roger"]
[Black "Alvarez Garmendia, Jose Maria"]
[Result "0-1"]
[WhiteElo "1499"]
[BlackElo "1606"]
[PlyCount "92"]
[EventDate "2015.01.16"]
[EventType "swiss"]
[EventRounds "9"]
[EventCountry "ESP"]
[SourceTitle "EXT 2016"]
[Source "ChessBase"]
[SourceDate "2015.10.08"]
[SourceVersion "1"]
[SourceVersionDate "2015.10.08"]
[SourceQuality "1"]

1. d4 Nf6 2. c4 e5 3. dxe5 Ng4 4. Nf3 Nc6 5. Bf4 Bb4+ 6. Nc3 Qe7 7. e3 Bxc3+ 8. bxc3 0-0 9. Bd3 Ngxe5 10. Ng5 Ng6 11. Qh5 h6 12. Nh3 Nce5 13. Bxg6 Nxg6 14. Bxc7 d6 15. Ba5 Be6 16. 0-0 Rfc8 17. Rfd1 Rc5 18. Rd5 Bxd5 19. Bb4 Rxc4 20. Qxd5 Rc6 21. Rd1 Rd8 22. c4 Qe5 23. c5 Qxd5 24. Rxd5 Ne5 25. Rd1 d5 26. Kf1 Rd7 27. Ke2 a5 28. Ba3 f6 29. Ng1 Kf7 30. Nf3 Ng6 31. Nd4 Rc8 32. Nb5 Ke6 33. Nd4+ Kf7 34. Nb5 Ne5 35. Nd6+ Rxd6 36. cxd6 Ke6 37. Rb1 Rc2+ 38. Kd1 Rxa2 39. Bc5 Nd3 40. d7 Kxd7 41. Bd4 Nxf2+ 42. Ke1 Nd3+ 43. Kd1 Kc6 44. Rb6+ Kc7 45. Rb5 Nb4 46. Bc3 Kc6 0-1

[Event "Barcelona Sant Marti op-B 16th"]
[Site "Barcelona"]
[Date "2014.07.17"]
[Round "5"]
[White "Martin Palau, Roger"]
[Black "Sobrevia Castellar, Lluis"]
[Result "0-1"]
[WhiteElo "1750"]
[BlackElo "1975"]
[PlyCount "70"]
[EventDate "2014.07.13"]
[EventType "swiss"]
[EventRounds "9"]
[EventCountry "ESP"]
[SourceTitle "CBM 161 Extra"]
[Source "ChessBase"]
[SourceDate "2014.08.29"]
[SourceVersion "1"]
[SourceVersionDate "2014.08.29"]
[SourceQuality "1"]

1. e4 d6 2. d4 e6 3. Nf3 g6 4. Be3 Bg7 5. Qd2 Nc6 6. Nc3 Bd7 7. Bc4 a6 8. a3 Qe7 9. d5 Ne5 10. Nxe5 Bxe5 11. 0-0 Bg7 12. Rad1 e5 13. Qd3 Nf6 14. f3 0-0 15. g4 Ne8 16. Qd2 f5 17. Qg2 f4 18. Bf2 Bf6 19. Ne2 Kf7 20. Kh1 Bh4 21. Qh3 g5 22. Ba2 Rh8 23. c4 h5 24. c5 hxg4 25. fxg4 Nf6 26. cxd6 cxd6 27. Qd3 Bxf2 28. Rxf2 Nxg4 29. Rdf1 Nxf2+ 30. Rxf2 Rh6 31. Qd1 Bg4 32. Qf1 Rah8 33. Ng1 Rh5 34. Rc2 Kf6 35. Qc1 Qh7 0-1

[Event "Barcelona La Lira op 30th"]
[Site "Barcelona"]
[Date "2012.03.02"]
[Round "7"]
[White "Martin Palau, Roger"]
[Black "Perolet Perez, Miquel"]
[Result "0-1"]
[WhiteElo "1439"]
[BlackElo "1662"]
[PlyCount "86"]
[EventDate "2012.01.20"]
[EventType "swiss"]
[EventRounds "8"]
[EventCountry "ESP"]
[SourceTitle "EXT 2013"]
[Source "ChessBase"]
[SourceDate "2012.11.22"]
[SourceVersion "1"]
[SourceVersionDate "2012.11.22"]
[SourceQuality "1"]

1. e4 c5 2. Nf3 g6 3. d4 Bg7 4. e5 Nc6 5. c3 Qa5 6. a3 cxd4 7. b4 Qb6 8. cxd4 e6 9. b5 Nce7 10. Nbd2 Qa5 11. Be2 Nd5 12. Bb2 Bh6 13. 0-0 Bf8 14. Qc2 Nh6 15. Bd3 Be7 16. Nc4 Qd8 17. Bc1 Ng8 18. Nfd2 d6 19. Ne4 dxe5 20. dxe5 Qc7 21. Ned6+ Kf8 22. Qd2 h5 23. Qe2 Bd7 24. a4 Kg7 25. Bd2 Rd8 26. Rac1 Qb8 27. Qf3 Be8 28. Ba5 b6 29. Bd2 Nh6 30. Bxh6+ Rxh6 31. Be4 Rh7 32. Bxd5 exd5 33. Qxd5 Kf8 34. f4 Bd7 35. Nb7 Be6 36. Qc6 Bd5 37. Nbd6 Bxc6 38. bxc6 Qc7 39. Rfd1 Qxc6 40. Ne3 Qxa4 41. Rc4 Qb3 42. Re1 Bxd6 43. exd6 Rxd6 0-1